00777cam a2200229u 450000100060000000300080000600500170001400800410003103500190007204000330009104100080012408200200013210000610015224500640021325000120027726000360028930000260032565000320035194200120038399900170039595201350041233026BD-RjUL20211209051932.0140429s1960 pk 000 0 eng  a(BD-RjUL)33116 aDLCcCarPdDLCdBD-RjULbeng aeng04a181.9bNAM 19601 aNadvi, Muzaffar Uddin,d1900- [from old catalog]910036710aMuslim thought and its source /cSyed Muzaffar Uddin Nadvi. a4th ed. aLahore :bSh. M. Ashraf,c1960. axvi, 152 p. ;c19 cm. 0aIslamic philosophy.9100368 2ddccBK c33026d33026 00102ddc4071aRUCLbRUCLcReadingd1967-05-05eSH. MD ASHRAFg5.00l0o181.9 NAM 1960r2014-04-29 00:00:00tC-1w2014-04-29yBK